Fr. Conceicao Rodrigues College of Engineering

Electrical machines and drive system (Record no. 24328)

MARC details
000 -LEADER
fixed length control field 00315nam a2200133Ia 4500
100 ## - MAIN ENTRY--PERSONAL NAME
Personal name Gray/ C.B
245 ## - TITLE STATEMENT
Title Electrical machines and drive system
260 ## - PUBLICATION, DISTRIBUTION, ETC.
Name of publisher, distributor, etc. English language book society
Place of publication, distribution, etc. Singapore
Date of publication, distribution, etc. 1990
300 ## - PHYSICAL DESCRIPTION
Extent 446
546 ## - LANGUAGE NOTE
Language note ENGLISH
650 ## - SUBJECT ADDED ENTRY--TOPICAL TERM
Topical term or geographic name entry element Electrical
654 ## - SUBJECT ADDED ENTRY--FACETED TOPICAL TERMS
Focus term electrical
942 ## - ADDED ENTRY ELEMENTS (KOHA)
Koha item type BOOK
Holdings
Withdrawn status Lost status Damaged status Not for loan Collection Home library Current library Date acquired Source of acquisition Cost, normal purchase price Inventory number Total Checkouts Full call number Barcode Date last seen Cost, replacement price Price effective from Koha item type
        CRC Fr. Agnel's C.Rodrigues College of Engineering Fr. Agnel's C.Rodrigues College of Engineering 17/03/2023 Progressive Books 337.30 2039 dt 4.7.92   3632 17/03/2023 337.30 04/07/1992 BOOK
        CRC Fr. Agnel's C.Rodrigues College of Engineering Fr. Agnel's C.Rodrigues College of Engineering 17/03/2023 Progressive Books 337.30 2039 dt 4.7.92   3633 17/03/2023 337.30 04/07/1992 BOOK